000
00275nam a2200121Ia 4500
008
221030s9999 xx 000 0 und d
041
_a
English
100
_a
W.r. Stevens
245
0
_a
Unix Network Programming
_c
by W.r. Stevens
260
_c
0
650
_a
Mc
942
_c
BK
999
_c
16518
_d
16518